La dama de Florida (Record no. 144798)

MARC details
000 -LEADER
campo de control de longitud fija 00636nam a2200217 4500
001 - NÚMERO DE CONTROL
campo de control 144798
003 - IDENTIFICADOR DE NÚMERO DE CONTROL
campo de control ES-MaACL
005 - FECHA Y HORA DE LA ÚLTIMA TRANSACCIÓN
campo de control 20251007171217.0
007 - CAMPO FIJO DE DESCRIPCIÓN FÍSICA--INFORMACIÓN GENERAL
campo de control de longitud fija t|
008 - DATOS DE LONGITUD FIJA--INFORMACIÓN GENERAL
campo de control de longitud fija 070214s1955 sp r ||||1| spa d
100 1# - ENTRADA PRINCIPAL--NOMBRE DE PERSONA
Nombre de persona Slaughter, Frank G.
9 (RLIN) 106773
245 13 - MENCIÓN DEL TÍTULO
Título La dama de Florida
Resto del título : novela /
Mención de responsabilidad, etc. Frank G. Slaughter ; [versión castellana de Fernando González].
250 ## - MENCION DE EDICION
Mención de edición 1ª ed.
260 ## - PUBLICACIÓN, DISTRIBUCIÓN, ETC.
Lugar de publicación, distribución, etc. Barcelona :
Nombre del editor, distribuidor, etc. Planeta,
Fecha de publicación, distribución, etc. 1955 (
Fabricante Imp. Pulcra)
300 ## - DESCRIPCIÓN FÍSICA
Extensión 490 p. ;
Dimensiones 19 cm.
490 1# - MENCIÓN DE SERIE
Mención de serie Goliat
710 1# - ENTRADA AGREGADA--NOMBRE DE ENTIDAD CORPORATIVA
Nombre de entidad corporativa o nombre de jurisdicción como elemento de entrada
9 (RLIN) 242333
830 0# - PUNTO DE ACCESO ADICIONAL DE SERIE-TÍTULO UNIFORME
Título uniforme Goliat
9 (RLIN) 181396
852 ## - LOCALIZACIÓN
Ubicación ES-MaACL
Número de control de estantería C-9712
Sublocalización o colección R.37879
Holdings
Estatus retirado Estado de pérdida Estado de daño No para préstamo Biblioteca de origen Biblioteca actual Ubicación en estantería Fecha de adquisición Fuente de adquisición Total de préstamos Signatura topográfica completa Código de barras Visto por última vez Precio de reemplazo Tipo de ítem Koha
        Biblioteca del Ateneo de Madrid Biblioteca del Ateneo de Madrid Sala Palomar 17/01/2008     C-9712 1151030 23/02/2023 23/02/2023 Libro impreso